Unrestricted development (Record no. 79639)

MARC details
000 -LEADER
fixed length control field 01203cab a22002295a 4500
001 - CONTROL NUMBER
control field L141877
008 - FIXED-LENGTH DATA ELEMENTS--GENERAL INFORMATION
fixed length control field 080104e20071214xxk f 000 0 eng d
035 ## - SYSTEM CONTROL NUMBER
System control number (Sirsi) u141877
041 0# - LANGUAGE CODE
Language code of text/sound track or separate title eng
100 1# - MAIN ENTRY--PERSONAL NAME
Personal name Jackson, David
245 00 - TITLE STATEMENT
Title Unrestricted development
260 ## - PUBLICATION, DISTRIBUTION, ETC.
Date of publication, distribution, etc. 2007
490 ## - SERIES STATEMENT
Series statement Solicitors' Journal
Volume/sequential designation 151(47) 14 December 2007, 1584-1585(2)
520 ## - SUMMARY, ETC.
Summary, etc. Considers implications of the ruling made in the case of Lawntown Ltd v Mr and Mrs Camenzuli (L140998). Developers are able to overcome restrictive covenants to convert single properties into multiple units. Under section 84 of the Law of Property Act 1925, an application needs to be made to the Lands Tribunal. Provides an overview of the specific conditions which need to be met. Alternatively, an application can be made under section 610 of the Housing Act 1985. Also provides an overview of this section's conditions. These may be less stringent, but this Act provides a narrower scope.
590 ## - LOCAL NOTE (RLIN)
Local note KA
650 24 - SUBJECT ADDED ENTRY--TOPICAL TERM
Topical term or geographic name entry element LAWNTOWN LTD V CAMENZULI
650 24 - SUBJECT ADDED ENTRY--TOPICAL TERM
Topical term or geographic name entry element HOUSING ACT 1985 S610
650 24 - SUBJECT ADDED ENTRY--TOPICAL TERM
Topical term or geographic name entry element LAW OF PROPERTY ACT 1925
651 #4 - SUBJECT ADDED ENTRY--GEOGRAPHIC NAME
Geographic name England and Wales
Chronological subdivision 1543-
690 ## - LOCAL SUBJECT ADDED ENTRY--TOPICAL TERM (OCLC, RLIN)
Topical term or geographic name as entry element Planning and development
9 (RLIN) 6259
942 ## - ADDED ENTRY ELEMENTS (KOHA)
Suppress in OPAC 0
Holdings
Withdrawn status Lost status Source of classification or shelving scheme Damaged status Not for loan Home library Current library Shelving location Date acquired Total Checkouts Full call number Barcode Date last seen Copy number Price effective from Koha item type
    Dewey Decimal Classification     London London Journal article 04/01/2008   L141877 141877-1001 06/08/2019 1 06/08/2019 Journal article